Ville d'origine de groupes - Statistiques

Statistiques générales
  • Ce quiz a été pris 846 fois
  • Le résultat moyen est 11 sur 16
Statistiques - réponses
Groupe Ville % Correct
The Beatles Liverpool
93%
Indochine Paris
93%
The Rolling Stones Londres
92%
IAM Marseille
86%
ABBA Stockholm
81%
Red Hot Chili Peppers Los Angeles
79%
Rammstein Berlin
78%
Oasis Manchester
77%
U2 Dublin
76%
BTS Séoul
73%
AC/DC Sydney
59%
Noir Désir Bordeaux
51%
Santana San Francisco
44%
Foo Fighters Seattle
37%
Aerosmith Boston
33%
ZZ Top Houston
29%
Aucun quiz correspondant
Distribution des résultats
% des personnes avec chaque résultat
Percentile par nombre de réponses
Votre historique - résultats
Vous n’avez pas pris ce quiz